| 000 | 00693nam a22002297a 4500 | ||
|---|---|---|---|
| 003 | OSt | ||
| 005 | 20260413100439.0 | ||
| 008 | 260413b |||||||| |||| 00| 0 eng d | ||
| 020 | _a978-3-476-05947-5 | ||
| 037 | _cReference | ||
| 040 |
_aFEDL _beng _cFEDL |
||
| 041 |
_aeng _heng |
||
| 082 | _a370.1 TIE/RR | ||
| 100 |
_aTiedemann, Markus, Ed. _91234709 |
||
| 245 |
_aPhilosophical education beyond the classroom/ _cby Markus Tiedemann, Ed. |
||
| 260 |
_aBerlin _bSpringer- Verlag _c2024 |
||
| 300 | _axvi, 516p. | ||
| 365 |
_aEuro _b79.99 |
||
| 650 | _aEDUCATION- PHILOSOPHY | ||
| 942 |
_2ddc _cREF _h370.1 TIE/RR _n0 |
||
| 999 |
_c1848244 _d1848244 |
||